000 00283nam a22001337a 4500
008 171101b xxu||||| |||| 00| 0 eng d
020 _a9780465081455
041 _aeng
080 _a33
100 _a59
101 _aBUS
245 _aBASIC ECONOMICS
_cSOWELL,TH
942 _2udc
_cBK
999 _c36979
_d36979